Statistiken für Alle yokais

Klicken Sie hier um das Quiz zu spielen!

Allgemein

  • Dieses Quiz wurde 16 mal gespielt
  • Das Durchschnittsergebnis liegt bei 90 aus 218

Antwortstatistiken

Antwort% Korrekt
93jibanyan
82%
99komasan
82%
169möter
82%
57dösuma
73%
125frohland
73%
218gilgaros
73%
166jammsel
73%
116opa gusto
73%
1pfannes
73%
70rebelzebub
73%
2stocher
73%
179tristine
73%
212viptor
73%
87winzikado
73%
30amnesimon
64%
200azurdrache
64%
9helmchen
64%
162hustanie
64%
101komajiro
64%
7mochismo
64%
60nixda
64%
37petzmeralda
64%
3rambizambi
64%
135tante herzi
64%
53tengu
64%
27butzemon
55%
216dandackel
55%
94dornyan
55%
199drachenfürst
55%
198dracki
55%
159graf karies
55%
100komähne
55%
215komasura
55%
55kyubi
55%
12leodrio
55%
134mama aura
55%
117nimmersatt
55%
88ninzikado
55%
133onkel omni
55%
63panza
55%
132papa blitzig
55%
118reisgreis
55%
157schämon
55%
213schattenato
55%
214shogunyan
55%
144simpel
55%
14stimmuleo
55%
172tropfi
55%
217vati blum
55%
96wandakappa
55%
98wassgeht
55%
25zangenzar
55%
11corptain
45%
58darumacho
45%
170dobbelmann
45%
184dörrte
45%
51dreiseha
45%
168dunkelfeder
45%
48eulusionist
45%
4faulheld
45%
190florinoko
45%
108frostina
45%
18glitza
45%
59goruma
45%
95grobianyan
45%
23hornboxa
45%
10hybritter
45%
102komatigga
45%
5maujor
45%
8misskunz
45%
189noko
45%
97nomakappa
45%
39omakabra
45%
152onimich
45%
191pandanoko
45%
46portalex
45%
80robonyan
45%
16schimma
45%
177schnattalie
45%
13seismo
45%
54sengu
45%
26serberker
45%
89singzikado
45%
171sir berus
45%
43spannsel
45%
38stereoma
45%
50vagabuhu
45%
52vierseha
45%
62wallter
45%
15wettaran
45%
64zappelfant
45%
65zitterfant
45%
192aalbernd
36%
150argwoni
36%
20b3-nk1
36%
103baku
36%
71bandido
36%
66barricardo
36%
19benkei
36%
123besserling
36%
83brausch
36%
42casalusa
36%
41casanovo
36%
110dämona
36%
68der brocken
36%
69der vulkan
36%
173don densato
36%
175don gelato
36%
31doofkapp
36%
45dynamon
36%
186eternia
36%
124feinschwing
36%
17fiesa
36%
147fledalein
36%
148flederhaus
36%
121freundsfalta
36%
122freundspalta
36%
6gähneral
36%
185glamourella
36%
109glazia
36%
81goldinyan
36%
210griesgramba
36%
176gusstav
36%
67haltan
36%
145huschemen
36%
91kalteser
36%
78kastellan 1
36%
77kastellan 2
36%
76kastellan 3
36%
85klapperika
36%
24kneiferer
36%
130knobold
36%
209kobramotz
36%
56kryo
36%
193laalaalaal
36%
207labernase
36%
126labiliese
36%
127labilotte
36%
161maximalefiz
36%
141miesmücke
36%
158muzifer
36%
115nascha
36%
146nihilo
36%
178nörgelika
36%
79oberkastellan
36%
40pistoleros
36%
205prassa
36%
92puhdel
36%
151renitoni
36%
73rhinfanterist
36%
75rhinozerboss
36%
114sabba
36%
211schiriviper
36%
167schlabat
36%
90schlotterrier
36%
82schtompf
36%
47spekulump
36%
61sperrich
36%
128trickolaus
36%
49uhudini
36%
104wapir
36%
163wehigel
36%
32willnich
36%
202wirrtropf
36%
174zapfi
36%
197amokrele
27%
195ätzardine
27%
138autschi
27%
208bananase
27%
36blabia
27%
28drotzel
27%
153finstengu
27%
149flederemit
27%
182floppo
27%
33genuk
27%
84glitzelle
27%
72grobro
27%
187insomnina
27%
143juckmuck
27%
183kalaua
27%
29katarrnich
27%
35
kicha
27%
105knuffiwuffi
27%
160könig knausa
27%
203lungerhai
27%
196makrekel
27%
204meermassler
27%
155negasus
27%
131pascha
27%
139peyn
27%
112plattla
27%
74rhinoberst
27%
188sandy
27%
156schandmähre
27%
137schieba
27%
142schlimskito
27%
154schmöka
27%
106schnuckiputz
27%
107schnuckiwatz
27%
86skelebelle
27%
201tranatol
27%
113tschatscha
27%
194urnakonda
27%
111walza
27%
136wirreführer
27%
206zauster
27%
140agon
18%
119blanko
18%
181furzfürst
18%
34habssat
18%
120heita
18%
22kapunki
18%
180pupsi
18%
44signalabim
18%
164stibitza
18%
21sushiyama
18%
129wunderwilli
18%
165wampsel
9%

Verteilung der Resultate

Perzentil nach korrekt beantworteten Fragen

Anzahl Personen mit jedem Resultat

Ihre Resultats-Entwicklung

Sie haben dieses Quiz noch nicht gespielt